[Event "Pardubice Czech op-B 29th"]
[Site "Pardubice"]
[Date "2018.07.24"]
[Round "5"]
[White "Koehn, Lennart"]
[Black "Brenninger, Daniel"]
[Result "1/2-1/2"]
[WhiteElo "2087"]
[BlackElo "1975"]
[PlyCount "24"]
[EventDate "2018.07.20"]
[EventType "swiss"]
[EventRounds "9"]
[EventCountry "CZE"]
[SourceTitle "CBM 186 Extra"]
[Source "ChessBase"]
[SourceDate "2018.08.24"]
[SourceVersion "1"]
[SourceVersionDate "2018.08.24"]
[SourceQuality "1"]

1. e4 e5 2. Nf3 Nc6 3. Bc4 Bc5 4. 0-0 d6 5. c3 Nf6 6. d4 exd4 7. cxd4 Bb6 8. Nc3 Bg4 9. d5 Nd4 10. Qa4+ Bd7 11. Qd1 Bg4 12. Qa4+ Bd7 1/2-1/2

[Event "Pardubice Czech op-B 29th"]
[Site "Pardubice"]
[Date "2018.07.23"]
[Round "4"]
[White "Gabr, Mohsen"]
[Black "Koehn, Lennart"]
[Result "1-0"]
[WhiteElo "2287"]
[BlackElo "2087"]
[PlyCount "149"]
[EventDate "2018.07.20"]
[EventType "swiss"]
[EventRounds "9"]
[EventCountry "CZE"]
[SourceTitle "CBM 186 Extra"]
[Source "ChessBase"]
[SourceDate "2018.08.24"]
[SourceVersion "1"]
[SourceVersionDate "2018.08.24"]
[SourceQuality "1"]

1. Nf3 c5 2. g3 g6 3. Bg2 Bg7 4. 0-0 Nf6 5. d3 Nc6 6. Nbd2 0-0 7. e4 d6 8. c3 Rb8 9. h3 b5 10. d4 cxd4 11. cxd4 Nd7 12. Nb3 a5 13. d5 Nce5 14. Nxe5 Nxe5 15. Re1 Nc4 16. Nd4 Bd7 17. Rb1 Qb6 18. Nc2 f5 19. b3 fxe4 20. bxc4 Qxf2+ 21. Kh1 Qxg3 22. Rb3 Rf3 23. Bxf3 Be5 24. Qe2 Qxh3+ 25. Kg1 exf3 26. Rxf3 Bh2+ 27. Qxh2 Qxf3 28. Rxe7 Bh3 29. Qf2 Qxf2+ 30. Kxf2 bxc4 31. Kg3 Bf5 32. Nd4 c3 33. Nxf5 gxf5 34. Rc7 Rb5 35. Rxc3 Rxd5 36. Bf4 Rd4 37. a3 Kf7 38. Be3 Re4 39. Kf3 Ke6 40. Bf4 Rd4 41. Be3 Re4 42. Rc7 Ra4 43. Bc1 h5 44. Ke3 h4 45. Kd3 Kd5 46. Rh7 Rg4 47. Rh5 Ke6 48. Bb2 Rf4 49. Bc3 Ra4 50. Bb2 Rf4 51. Kc2 Kd5 52. Bc3 a4 53. Bd2 Rc4+ 54. Kd3 Rd4+ 55. Ke3 Re4+ 56. Kf3 Rd4 57. Bb4 Kc4 58. Rxf5 Kb3 59. Rb5 Ka2 60. Ke3 Rd1 61. Rh5 Rh1 62. Kd4 Kb3 63. Kd5 h3 64. Kxd6 Rd1+ 65. Kc6 Rd3 66. Kb5 Rf3 67. Bc5 Rd3 68. Rh4 Rg3 69. Rxa4 h2 70. Rh4 Rg2 71. Rh3+ Kc2 72. a4 Kd1 73. a5 Rb2+ 74. Bb4 Ra2 75. a6 1-0

[Event "SCO-ch 125th"]
[Site "Paisley"]
[Date "2018.07.13"]
[Round "7"]
[White "Koehn, Lennart"]
[Black "Dunn, Alan Stephan"]
[Result "1-0"]
[WhiteElo "2087"]
[BlackElo "2003"]
[PlyCount "69"]
[EventDate "2018.07.07"]
[EventType "swiss"]
[EventRounds "9"]
[EventCountry "SCO"]
[SourceTitle "CBM 185 Extra"]
[Source "ChessBase"]
[SourceDate "2018.07.29"]
[SourceVersion "1"]
[SourceVersionDate "2018.07.29"]
[SourceQuality "1"]

1. e4 c5 2. Nf3 d6 3. d4 cxd4 4. Nxd4 Nf6 5. f3 a6 6. c4 g6 7. Nc3 Bg7 8. Be3 Nbd7 9. Qd2 h5 10. Be2 h4 11. 0-0 Ne5 12. Rac1 Nh5 13. Nd5 Ng3 14. hxg3 hxg3 15. Qe1 e6 16. Qxg3 exd5 17. cxd5 Bf6 18. Qe1 g5 19. Qc3 Ng6 20. Qc7 Nf4 21. Qxd8+ Kxd8 22. Rc2 Be5 23. g3 Rh3 24. gxf4 gxf4 25. Bf2 Ke7 26. Rfc1 Bd7 27. Bf1 Rg8+ 28. Bg2 Bxd4 29. Bxd4 Rxf3 30. Rc3 Rfg3 31. Rxg3 fxg3 32. Rc3 Rg4 33. Be3 b5 34. Bf3 Rh4 35. Bg5+ 1-0

[Event "SCO-ch 125th"]
[Site "Paisley"]
[Date "2018.07.10"]
[Round "4"]
[White "Jaufarally, Nadia"]
[Black "Koehn, Lennart"]
[Result "0-1"]
[WhiteElo "1988"]
[BlackElo "2087"]
[PlyCount "150"]
[EventDate "2018.07.07"]
[EventType "swiss"]
[EventRounds "9"]
[EventCountry "SCO"]
[SourceTitle "CBM 185 Extra"]
[Source "ChessBase"]
[SourceDate "2018.07.29"]
[SourceVersion "1"]
[SourceVersionDate "2018.07.29"]
[SourceQuality "1"]

1. e4 c5 2. Nf3 d6 3. d4 cxd4 4. Nxd4 Nf6 5. Nc3 Nc6 6. Bg5 Bd7 7. f3 Qb6 8. Nb3 h6 9. Bh4 a6 10. Qd2 e6 11. 0-0-0 Be7 12. Bg3 Ne5 13. f4 Nc6 14. e5 dxe5 15. fxe5 Nd5 16. Nxd5 exd5 17. Qxd5 Bg4 18. Bc4 0-0 19. Rde1 Be6 20. Qe4 Bxc4 21. Qxc4 Rac8 22. Qa4 Nb4 23. Re2 Rc4 24. Kb1 Qg6 25. Na5 Qg4 26. Rhe1 Rd8 27. c3 b5 28. Qb3 Nd3 29. Nxc4 bxc4 30. Qc2 Nxe1 31. Rxe1 Bg5 32. a3 Rd2 33. Qe4 Qe6 34. Re2 Rd1+ 35. Ka2 Be7 36. Bf4 Rd8 37. Rd2 Rxd2 38. Bxd2 Qd7 39. Bf4 Qb5 40. Qc2 h5 41. Qd2 a5 42. Ka1 Qc6 43. Be3 a4 44. Bd4 h4 45. h3 Qe4 46. Qf2 Qd3 47. Qe1 Kf8 48. Ka2 Qc2 49. Qf1 Bxa3 50. Qf2 Qxf2 51. Bxf2 Be7 52. Kb1 Ke8 53. Be3 Kd7 54. Kc2 Ke6 55. Bf4 Kf5 56. Bh2 Bg5 57. Kd1 Bf4 58. Bg1 Bxe5 59. Ke2 Ke4 60. Bc5 Bf4 61. Be7 Bc1 62. Ba3 f5 63. Kd1 Bg5 64. Ke2 Bd8 65. Bf8 g5 66. Bd6 g4 67. Bc5 gxh3 68. gxh3 f4 69. Bd4 f3+ 70. Kf2 Bc7 71. Bc5 Bg3+ 72. Kf1 Kd3 73. Bb4 Kc2 74. Ba3 Kb3 75. Kg1 Be1 0-1

[Event "SCO-ch 125th"]
[Site "Paisley"]
[Date "2018.07.09"]
[Round "3"]
[White "Koehn, Lennart"]
[Black "Sanger, Jake M"]
[Result "1/2-1/2"]
[WhiteElo "2087"]
[BlackElo "1841"]
[PlyCount "87"]
[EventDate "2018.07.07"]
[EventType "swiss"]
[EventRounds "9"]
[EventCountry "SCO"]
[SourceTitle "CBM 185 Extra"]
[Source "ChessBase"]
[SourceDate "2018.07.29"]
[SourceVersion "1"]
[SourceVersionDate "2018.07.29"]
[SourceQuality "1"]

1. e4 e6 2. d4 d5 3. Nc3 Nf6 4. e5 Nfd7 5. f4 c5 6. Nf3 Nc6 7. Be3 a6 8. Qd2 b5 9. dxc5 Bxc5 10. a3 Qb6 11. Bf2 0-0 12. Bd3 f6 13. exf6 Nxf6 14. Bxc5 Qxc5 15. 0-0-0 b4 16. Nb1 bxa3 17. Nxa3 Rb8 18. Ne5 Nb4 19. Kb1 Nxd3 20. Qxd3 Ne4 21. Ka1 Nf2 22. Qd2 Nxh1 23. Rxh1 Qb4 24. Qxb4 Rxb4 25. g3 Bb7 26. Nd3 Rb6 27. Re1 Bc8 28. c3 Bd7 29. Nc5 Rd8 30. Nc2 Rc6 31. Nd3 Rb6 32. Nc5 Bc8 33. Nd4 Kf7 34. Nd3 a5 35. Nc6 Rd6 36. Nxa5 Ra6 37. b4 Rdb6 38. Ne5+ Kf6 39. Nf3 Bd7 40. Kb2 Be8 41. Ka1 Bd7 42. Ka2 Be8 43. Ka3 Bg6 44. Nd4 1/2-1/2

[Event "EU-ch U18 26th"]
[Site "Prague"]
[Date "2016.08.20"]
[Round "3"]
[White "Koehn, Lennart"]
[Black "Maes, Tibo"]
[Result "1-0"]
[WhiteElo "2048"]
[BlackElo "1950"]
[PlyCount "135"]
[EventDate "2016.08.18"]
[EventType "swiss"]
[EventRounds "9"]
[EventCountry "CZE"]
[SourceTitle "CBM 174 Extra"]
[Source "ChessBase"]
[SourceDate "2016.10.10"]
[SourceVersion "1"]
[SourceVersionDate "2016.10.10"]
[SourceQuality "1"]

1. e4 c5 2. Nf3 d6 3. d4 cxd4 4. Nxd4 Nf6 5. Nc3 a6 6. h3 e5 7. Nde2 Be7 8. g4 Be6 9. Bg2 0-0 10. Be3 Nbd7 11. g5 Ne8 12. h4 f5 13. exf5 Bxf5 14. Bxb7 Rb8 15. Ng3 Be6 16. Bd5 Bxd5 17. Qxd5+ Kh8 18. b3 Nb6 19. Qd2 Nc7 20. Rd1 d5 21. Bxb6 Rxb6 22. 0-0 Bb4 23. Qd3 Rf4 24. Qe3 Re6 25. Nxd5 Nxd5 26. c4 Rxh4 27. Rxd5 Qe8 28. Rfd1 Rd4 29. R5xd4 exd4 30. Qxd4 Bd6 31. Qd5 h6 32. gxh6 Rxh6 33. Qe4 Re6 34. Qh4+ Rh6 35. Qe4 Re6 36. Qf3 Bxg3 37. fxg3 Re3 38. Qh1+ Kg8 39. Qd5+ Kh7 40. Qf5+ Kg8 41. Qg5 Re1+ 42. Rxe1 Qxe1+ 43. Kg2 Qe2+ 44. Kh3 Qf1+ 45. Kg4 Qd1+ 46. Kf5 Qd7+ 47. Ke5 Qc7+ 48. Kd4 Qb6+ 49. c5 Qb4+ 50. Kd5 Qb7+ 51. Kd6 Qb8+ 52. Kc6 Qb5+ 53. Kc7 Qa5+ 54. Kb7 Qb5+ 55. Ka7 Qd7+ 56. Kxa6 Qc6+ 57. Ka5 Qc7+ 58. Kb4 Qb7+ 59. Kc3 Qf3+ 60. Kd4 Qd1+ 61. Ke5 Qe2+ 62. Kd6 Qxa2 63. Qd5+ Kh8 64. c6 Qa3+ 65. Kd7 Qb4 66. c7 Qg4+ 67. Qe6 Qd4+ 68. Ke8 1-0

[Event "EU-ch U18 26th"]
[Site "Prague"]
[Date "2016.08.18"]
[Round "1"]
[White "Grigorian, Spartak"]
[Black "Koehn, Lennart"]
[Result "1-0"]
[WhiteElo "2340"]
[BlackElo "2048"]
[PlyCount "33"]
[EventDate "2016.08.18"]
[EventType "swiss"]
[EventRounds "9"]
[EventCountry "CZE"]
[SourceTitle "CBM 174 Extra"]
[Source "ChessBase"]
[SourceDate "2016.10.10"]
[SourceVersion "1"]
[SourceVersionDate "2016.10.10"]
[SourceQuality "1"]

1. d4 Nf6 2. c4 e6 3. Nf3 Bb4+ 4. Nbd2 b6 5. a3 Bxd2+ 6. Qxd2 a5 7. g3 Bb7 8. Bg2 d6 9. b3 Nbd7 10. Bb2 Qe7 11. 0-0 Ne4 12. Qc2 f5 13. d5 exd5 14. cxd5 Bxd5 15. Rfd1 Qf7 16. Ng5 Bxb3 17. Qc6 1-0

[Event "Glorney Cup"]
[Site "Daventry"]
[Date "2016.07.17"]
[Round "2.11"]
[White "Koehn, Lennart"]
[Black "O'Gorman, Tom"]
[Result "1-0"]
[WhiteElo "1952"]
[BlackElo "2150"]
[PlyCount "85"]
[EventDate "2016.07.17"]
[EventType "team-tourn"]
[EventRounds "5"]
[EventCountry "ENG"]
[SourceTitle "CBM 173 Extra"]
[Source "ChessBase"]
[SourceDate "2016.08.29"]
[SourceVersion "1"]
[SourceVersionDate "2016.08.29"]
[SourceQuality "1"]
[WhiteTeam "Scotland"]
[BlackTeam "Ireland"]
[WhiteTeamCountry "SCO"]
[BlackTeamCountry "IRL"]

1. e4 e6 2. d4 d5 3. Nc3 Bb4 4. e5 c5 5. Bd2 cxd4 6. Nb5 Bc5 7. b4 Be7 8. Nxd4 Nc6 9. Nxc6 bxc6 10. Qg4 g6 11. Nf3 h5 12. Qf4 Nh6 13. Bd3 Nf5 14. 0-0 a5 15. a3 Ba6 16. Bxa6 Rxa6 17. c4 Ra8 18. cxd5 cxd5 19. b5 a4 20. Bb4 0-0 21. Rab1 Bxb4 22. Rxb4 Qb6 23. h3 Kh7 24. Rfb1 Ra5 25. g4 Ng7 26. Qd4 Qb7 27. b6 Rc8 28. Qe3 Rc4 29. Rxc4 dxc4 30. Nd2 hxg4 31. hxg4 Ne8 32. Nxc4 Rd5 33. Qf3 Kg7 34. Ne3 Nc7 35. Nxd5 Nxd5 36. Qe4 g5 37. Kh2 Kg8 38. Kg3 Kg7 39. f3 Kh6 40. Rb2 Qb8 41. Rh2+ Kg7 42. Qh7+ Kf8 43. Qh8+ 1-0

[Event "Perth op"]
[Site "Perth"]
[Date "2016.02.21"]
[Round "5.5"]
[White "Koehn, Lennart"]
[Black "Green, Andrew"]
[Result "1/2-1/2"]
[WhiteElo "1905"]
[BlackElo "2166"]
[PlyCount "20"]
[EventDate "2016.02.19"]
[EventType "swiss"]
[EventRounds "5"]
[EventCountry "SCO"]
[SourceTitle "EXT 2023"]
[Source "ChessBase"]
[SourceDate "2022.10.05"]
[SourceVersion "1"]
[SourceVersionDate "2022.10.05"]
[SourceQuality "1"]

1. e4 e5 2. Nc3 Nf6 3. g3 Bc5 4. Bg2 0-0 5. Nge2 a6 6. 0-0 d6 7. d4 Ba7 8. h3 Nc6 9. Be3 exd4 10. Nxd4 Bd7 1/2-1/2

[Event "Livingston op 1st"]
[Site "Livingston"]
[Date "2016.01.30"]
[Round "2.16"]
[White "Koehn, Lennart"]
[Black "Robinson, Stephen"]
[Result "1-0"]
[WhiteElo "1905"]
[BlackElo "1839"]
[PlyCount "69"]
[EventDate "2016.01.29"]
[EventType "swiss"]
[EventRounds "5"]
[EventCountry "ENG"]
[SourceTitle "EXT 2023"]
[Source "ChessBase"]
[SourceDate "2022.10.05"]
[SourceVersion "1"]
[SourceVersionDate "2022.10.05"]
[SourceQuality "1"]

1. e4 e6 2. Qe2 c5 3. Nf3 Nc6 4. g3 g6 5. Bg2 Bg7 6. c3 Nge7 7. 0-0 d5 8. d3 h6 9. Nbd2 b6 10. Re1 a5 11. a4 Ra7 12. exd5 exd5 13. Nf1 0-0 14. h4 Nf5 15. Bf4 Re7 16. Qd2 Kh7 17. Rxe7 Nfxe7 18. Re1 d4 19. c4 Bd7 20. b3 Bf5 21. N1h2 Nb4 22. Bf1 f6 23. g4 Bd7 24. Bd6 Rf7 25. Qf4 Nc8 26. Bc7 Qf8 27. Qg3 Nc6 28. h5 g5 29. Nd2 Ne5 30. Bxe5 fxe5 31. Bg2 Rf4 32. Be4+ Kh8 33. Re2 Nd6 34. Bg6 Qc8 35. f3 1-0